Statistiques concernant Liste des métiers d'Homer Simpson

Cliquez ici pour prendre le quiz!

Statistiques générales

  • Ce quiz a été pris 320 fois
  • Le résultat moyen est 12 sur 95

Statistiques - réponses

Métiers% Correct
Astronaute
50%
Barman
49%
Pompier
47%
Professeur
47%
Agent / Menager
33%
Musicien
32%
Boxeur
31%
Cuisinier
31%
Maire
31%
Coach
30%
Eboueur
28%
Clown
27%
Gardien
27%
Coiffeur
25%
Garde du corps
24%
Arbitre
23%
Ecrivain
23%
Artiste
22%
Militaire
22%
Technicien
22%
Marin
21%
Ouvrier
21%
Ambulancier
20%
Journaliste
20%
Fermier
19%
Pasteur
19%
Livreur
18%
Pêcheur
18%
Mascotte
17%
Routier
15%
Baby-Sitter
14%
Vendeur de Glace
14%
Assistant
13%
Charpentier
13%
Inventeur
13%
Animateur
12%
Père Noël
12%
Réalisateur
12%
Alpiniste
11%
Catcheur
11%
Chanteur d'Opéra
11%
Détective
11%
Doubleur
11%
Paparazzi
11%
PDG
11%
Forain
10%
Chiropracteur
8%
Critique Gastronomique
8%
Croupier
8%
Dépanneur
8%
Escroc
8%
Conducteur de Chasse-Neige
7%
Contrebandier
7%
Missionnaire
7%
Parrain
7%
Conducteur de Monorail
6%
Designer
6%
Hippie
6%
Joueur de Bowling
6%
Chauffeur de Limousine
5%
Chef de la Police
5%
Chorégraphe
5%
Diacre
5%
Mouchard
5%
Tueur à Gages
5%
Champion de bras de fer
4%
Chasseur de Primes
4%
Directeur de la Centrale Nucléaire
4%
Homme-Orchestre
4%
Représentant
4%
Smithers
4%
Chanteur de Grunge
3%
Conseiller Matrimonial
3%
Critique de Cinéma
3%
Eleveur de Chien
3%
Fabricant de Bougies
3%
Joueur de Softball
3%
Tartman
3%
Vendeur de Matelas
3%
Videur de Poisson
3%
Agent FBI
2%
Employé de Bowling
2%
Webmaster
2%
Blogger
1%
Employé du Mini-Market
1%
Vendeur de Sucre
1%
Cendeur de Voiture
0%
Employé de Fast Food
0%
Employé du Mini Golf
0%
Employé du Super-Marché
0%
Juge de Concours
0%
Speaker
0%
Tueurs de célébrités
0%
Vendeur d'Aphrodisiaque
0%
Vendeur de Couteaux
0%

Distribution des résultats

Percentile par nombre de réponses

% des personnes avec chaque résultat

Votre développement - résultats

Vous n’avez pas pris ce quiz